| 000 | 00835nam a2200241 4500 | ||
|---|---|---|---|
| 001 | 108716 | ||
| 003 | ES-MaACL | ||
| 005 | 20230906184708.0 | ||
| 007 | t| | ||
| 008 | 061121s1946 sp r ||||1| spa d | ||
| 100 | 1 |
_aMontojo, Jorge. _982668 |
|
| 245 | 1 | 3 |
_aEl problema triguero en España / _cpor Jorge Montojo. |
| 260 |
_aMadrid : _bEscuela Social de Madrid, _c1946 ( _fF. Domenech) |
||
| 300 |
_a35 p. ; _c22 cm. |
||
| 490 | 1 | _aCuadernos del Congreso de Estudios Sociales. Sección 10ª | |
| 650 | 4 |
_aTrigo- _zEspaña. _9155449 |
|
| 710 | 2 |
_aEscuela Social de Madrid. _93593 |
|
| 711 | 2 |
_aCongreso de Estudios Sociales ( _d1945. _cMadrid) _9173563 |
|
| 830 | 1 |
_aCuadernos del Congreso de Estudios Sociales. Sección 10ª _9232953 |
|
| 852 |
_aES-MaACL _j1864-F-25 |
||
| 852 | 4 |
_aES-MaACL _j1870-F-6 |
|
| 999 |
_c108716 _d108716 |
||